| 000 | 00808nam a2200301Ia 4500 | ||
|---|---|---|---|
| 003 | OSt | ||
| 005 | 20220912151453.0 | ||
| 006 | a|||||r|||| 00| 0 | ||
| 007 | ta | ||
| 008 | 220909b |||||||| |||| 00| 0 eng d | ||
| 020 | _a0849382718 | ||
| 024 | _a2431 | ||
| 037 | _cTextual | ||
| 040 |
_aCSL _beng _cCSL |
||
| 041 | _aeng | ||
| 082 | _aB36M, N4 | ||
| 100 | _aBenedetto John J Ed. | ||
| 245 | 0 | _aWavelets: mathematics and applications | |
| 260 |
_aBoca _bRaton CRC Press _c1994 |
||
| 300 | _a575p | ||
| 490 | _aStudies in advanced Mathematics | ||
| 650 | _a Infinite series | ||
| 650 | _a Wavelets | ||
| 650 | _aMathematics | ||
| 700 | _a Frazier Michael W Ed. | ||
| 942 |
_hB36M, N4 _cTEXL _2CC |
||
| 999 |
_c69275 _d69275 |
||